000 00316nam a22001457a 4500
020 _a978-81-8266-553-8
082 _a894.818.1
_bKAK/S
100 _aKAKKAN N N
245 _aSAPHALAMEEYATHRA
260 _aKOZHIKODE
_bMATHRUBHUMI BOOKS
_c2015
300 _a189
520 _aPOETRY
650 _aPOETRY
942 _cBK
999 _c4596
_d4596